A Pearl to India; (Record no. 17655)
[ view plain ]
| 000 -LEADER | |
|---|---|
| fixed length control field | 00727cam a22002531 4500 |
| 001 - CONTROL NUMBER | |
| control field | 6545042 |
| 003 - CONTROL NUMBER IDENTIFIER | |
| control field | ASL |
| 005 - DATE AND TIME OF LATEST TRANSACTION | |
| control field | 20231015025622.0 |
| 008 - FIXED-LENGTH DATA ELEMENTS--GENERAL INFORMATION | |
| fixed length control field | 170705s1959 bg b 000 0 eng | |
| 010 ## - LIBRARY OF CONGRESS CONTROL NUMBER | |
| LC control number | 59005815 |
| 035 ## - SYSTEM CONTROL NUMBER | |
| System control number | (OCoLC)765713 |
| 040 ## - CATALOGING SOURCE | |
| Original cataloging agency | DLC |
| Transcribing agency | ASL |
| Modifying agency | ASL |
| 042 ## - AUTHENTICATION CODE | |
| Authentication code | premarc |
| 050 00 - LIBRARY OF CONGRESS CALL NUMBER | |
| Classification number | BV3269.N6 |
| Item number | C7 1959 |
| 082 ## - DEWEY DECIMAL CLASSIFICATION NUMBER | |
| Classification number | 266.0092 |
| Item number | CRP |
| 100 1# - MAIN ENTRY--PERSONAL NAME | |
| Personal name | Cronin, Vincent. |
| 9 (RLIN) | 512 |
| 245 12 - TITLE STATEMENT | |
| Title | A Pearl to India; |
| Remainder of title | The Life of Roberto de Nobili. |
| 260 ## - PUBLICATION, DISTRIBUTION, ETC. | |
| Place of publication, distribution, etc. | New York: |
| Name of publisher, distributor, etc. | Dutton, |
| Date of publication, distribution, etc. | 1959. |
| 300 ## - PHYSICAL DESCRIPTION | |
| Extent | 297 p. |
| Other physical details | illus. |
| Dimensions | 21 cm. |
| 600 10 - SUBJECT ADDED ENTRY--PERSONAL NAME | |
| Personal name | Nobili, Roberto de', |
| Dates associated with a name | 1577-1656. |
| 9 (RLIN) | 513 |
| 650 ## - SUBJECT ADDED ENTRY--TOPICAL TERM | |
| Topical term or geographic name entry element | Roberto de Nobili |
| General subdivision | Religion |
| Geographic subdivision | India |
| 9 (RLIN) | 514 |
| 906 ## - LOCAL DATA ELEMENT F, LDF (RLIN) | |
| a | 7 |
| b | cbc |
| c | oclcrpl |
| d | u |
| e | ncip |
| f | 19 |
| g | y-gencatlg |
| 942 ## - ADDED ENTRY ELEMENTS (KOHA) | |
| Source of classification or shelving scheme | Dewey Decimal Classification |
| Koha item type | Books |
| Withdrawn status | Lost status | Source of classification or shelving scheme | Damaged status | Not for loan | Collection code | Home library | Current library | Shelving location | Date acquired | Source of acquisition | Total Checkouts | Full call number | Barcode | Date last seen | Copy number | Price effective from | Koha item type | Public note |
|---|---|---|---|---|---|---|---|---|---|---|---|---|---|---|---|---|---|---|
| Dewey Decimal Classification | Not For Loan | Non-fiction | Asiatic Society Library | Asiatic Society Library | Harrison Collection | 02/05/2020 | Donated by Prof. John B. Harrison | 266.0092 CRP | 100798 | 07/05/2017 | C-1 | 07/05/2017 | Books | RARE | ||||
| Dewey Decimal Classification | Not For Loan | Non-fiction | Asiatic Society Library | Asiatic Society Library | Harrison Collection | 04/20/2022 | Donated by Prof. John B. Harrison | 266.0092 CRP | 116506 | 04/20/2022 | C-2 | 04/20/2022 | Books | RARE |